Normal view
MARC view
- Schwab, Götz
Entry Personal Name
001 - CONTROL NUMBER
- control field: 41863
003 - CONTROL NUMBER IDENTIFIER
- control field: DLC
005 - DATE AND TIME OF LATEST TRANSACTION
- control field: 20181101111656.0
008 - FIXED-LENGTH DATA ELEMENTS
- fixed length control field: 170620n| azannaabn |n aaa
010 ## - LIBRARY OF CONGRESS CONTROL NUMBER
- LC control number: n 2017036420
040 ## - CATALOGING SOURCE
- Original cataloging agency: DLC
- Language of cataloging: eng
- Description conventions: rda
- Transcribing agency: DLC
- Modifying agency: EG-ScBUE
100 1# - HEADING--PERSONAL NAME
- Personal name: Schwab, Götz
670 ## - SOURCE DATA FOUND
- Source citation: Introducing English syntax, [2017]
- Information found: ECIP t.p. (Götz Schwab)